|
|
|
|
| LEADER |
00000nam0a2200000 4500 |
| 001 |
344773 |
| 005 |
20231102005712.0 |
| 010 |
|
|
|a 9785534109641
|
| 035 |
|
|
|a (RuTPU)RU\TPU\book\376541
|
| 090 |
|
|
|a 344773
|
| 100 |
|
|
|a 20200413d2020 m y0rusy50 ca
|
| 101 |
0 |
|
|a rus
|
| 102 |
|
|
|a RU
|
| 105 |
|
|
|a a j 001zy
|
| 200 |
1 |
|
|a Дизайн новых медиа
|e учебник для вузов
|f Т. В. Литвина
|g Московская государственная художественно-промышленная академия
|
| 205 |
|
|
|a 2-е изд., испр. и доп.
|
| 210 |
|
|
|a Москва
|c Юрайт
|d 2020
|
| 215 |
|
|
|a 181 с.
|c ил.
|
| 225 |
1 |
|
|a Высшее образование
|
| 320 |
|
|
|a Библиогр.: с. 178-180
|
| 330 |
|
|
|a Учебник посвящен описанию различных приемов создания динамической экранной композиции с использованием традиционных художественных средств (набросков, эскизов, поисковых макетов и т.п.) и современных цифровых технологий, позволяющих создать итоговый медиапродукт. Представлены разные этапы и особенности становления телевизионного дизайна, приведены примеры эскизного создания статичных графических элементов и др. Издание содержит богатый иллюстративный материал. Для студентов высшего образования, обучающихся по гуманитарным направлениям, аспирантов, преподавателей и всех интересующихся.
|
| 606 |
1 |
|
|a Дизайн
|x Промышленные предприятия
|2 stltpush
|3 (RuTPU)RU\TPU\subj\9467
|9 36711
|
| 610 |
1 |
|
|a промышленный дизайн
|
| 610 |
1 |
|
|a графические элементы
|
| 610 |
1 |
|
|a экранный дизайн
|
| 610 |
1 |
|
|a телевидение
|
| 610 |
1 |
|
|a цифровые технологии
|
| 610 |
1 |
|
|a виртуальная реальность
|
| 610 |
1 |
|
|a электронная графика
|
| 610 |
1 |
|
|a визуальное восприятие
|
| 610 |
1 |
|
|a динамические композиции
|
| 610 |
1 |
|
|a информативность
|
| 610 |
1 |
|
|a психология
|
| 610 |
1 |
|
|a текстовые материалы
|
| 610 |
1 |
|
|a графические изображения
|
| 610 |
1 |
|
|a экранное пространство
|
| 610 |
1 |
|
|a стилистические особенности
|
| 610 |
1 |
|
|a анимация
|
| 610 |
1 |
|
|a проектирование
|
| 610 |
1 |
|
|a внутрикадровая обработка
|
| 610 |
1 |
|
|a телевизионные изображения
|
| 610 |
1 |
|
|a мультимедийные возможности
|
| 610 |
1 |
|
|a учебники
|
| 675 |
|
|
|a 658.512.23(075.8)
|v 4
|
| 700 |
|
1 |
|a Литвина
|b Т. В.
|g Татьяна Владимировна
|
| 712 |
0 |
2 |
|a Московская государственная художественно-промышленная академия
|c (2009- )
|2 stltpush
|3 (RuTPU)RU\TPU\col\27495
|9 28682
|
| 801 |
|
1 |
|a RU
|b 63413507
|c 20200413
|
| 801 |
|
2 |
|a RU
|b 63413507
|c 20200625
|g RCR
|
| 942 |
|
|
|c BK
|
| 959 |
|
|
|a 9/20200319
|d 15
|e 769,00
|f УФ:14
|f ЧЗТЛ:1
|